| 000 | 00600nam a2200181Ia 4500 | ||
|---|---|---|---|
| 008 | 190422s9999 xx 000 0 und d | ||
| 100 | _aBack, Emma A | ||
| 245 | 2 | _aA social safety net? Rejecion sensitivity and political opinion sharing among young people in social media / | |
| 245 | _cEmma A Back, Hanna Back, Annika Freden and Nils Gustaffsson.-- | ||
| 260 | _bSage | ||
| 260 | _c2019 | ||
| 300 | _apages 298-316, February 2019 | ||
| 440 |
_aNew Media & Society _v21(2) |
||
| 650 | _aOpinion Sharing | ||
| 650 | _aOpinion Sharing | ||
| 650 | _aSocial Media | ||
| 650 | _aSpiral of Silence | ||
| 999 |
_c361433 _d361433 |
||